00480nam a2200193 a 4500001001300000003000900013005001700022008004100039020002300080082001500103100001900118245003200137260003200169300000900201500003500210505001000245650001200255700001900267nice12345678IN_TiNIC20260116013638.0050524s1995 dela grp 000 0 eng  a0670591 c29500a954.6bTAV aTavleen, Singh aKashmirb Tragedy of Errors aDelhibPenguin Books c1995 a253p aincludes index and biblioraphy2 aIndex aKashmir1 aTavleen, Singh